| 000 | 00389nam a22001457a 4500 | ||
|---|---|---|---|
| 005 | 20200710140653.0 | ||
| 008 | 200710b xxu||||| |||| 00| 0 eng d | ||
| 082 | _a345.4005 BHA-I | ||
| 100 |
_aBHATT, VIJAY _96284 |
||
| 245 | _aINDIAN BAR REVIEW [Vol.44I (2)2017 ,APRIL TO JUNE) | ||
| 260 |
_aNEW DELHI _bBAR COUNCIL OF INDIA TRUST |
||
| 300 | _a171p | ||
| 650 |
_aLAW _95701 |
||
| 942 | _cJRL | ||
| 999 |
_c7421 _d7419 |
||